| 000 | 00649nam a22001937a 4500 | ||
|---|---|---|---|
| 003 | BD-DhUL | ||
| 005 | 20160824145752.0 | ||
| 008 | 160824s1955 b ||||| |||| 001 0 b d | ||
| 040 |
_aBD-DhUL _cBD-DhUL |
||
| 082 |
_a355.1 _bIBJ |
||
| 100 | 1 | _aখাঁ, ইব্রাহীম | |
| 245 | 1 | 0 |
_aজঙ্গী-জীবন / _cইব্রাহীম খাঁ |
| 260 |
_aঢাকা : _bকিতাব মনজিল, _cc ১৯৫৫ |
||
| 300 |
_a[১০], ১৫৬পৃঃ : _c২২ সে মি. |
||
| 500 | _aনির্ঘন্ট সংবলিত | ||
| 650 | 0 | _aইতিহাস | |
| 650 | 0 | _aHistory | |
| 942 |
_2ddc _cBK |
||
| 999 |
_c101303 _d101303 |
||